| 000 | 00807nam a22002417a 4500 | ||
|---|---|---|---|
| 999 |
_c636 _d636 |
||
| 003 | AR-CdUCM | ||
| 008 | 190225b ||||| |||| 00| 0 spa d | ||
| 040 |
_aMUNICIPALIDAD PROVINCIAL DEL CUSCO _cBIBLIOTECA MUNICIPAL DEL CUSCO |
||
| 041 | _heng | ||
| 082 |
_22ed. _a937.04 / _bB16 |
||
| 100 |
_aBaker, George Phillip _92473 |
||
| 245 | _aAníbal / | ||
| 260 |
_aMexico D.F. : _bDiana, _c1957. |
||
| 300 |
_a303 páginas ; _c20 cm. |
||
| 505 | _aLos preludios de la batalla -- Los adversarios entran en la palestra -- El paso de los alpes -- En Italia - Quinto Fabio y la dictadura aristocrática... | ||
| 650 |
_aHistoria _9136 |
||
| 650 |
_aRoma _92474 |
||
| 650 |
_aÁfrica _91289 |
||
| 650 |
_aGuerra _91007 |
||
| 650 |
_aConflicto Asíatico _92475 |
||
| 942 |
_2ddc _cLIBROS |
||
| 945 |
_admma _d2019-02-25 |
||